Statistics for Increasingly Harder U.S. Quiz 3

Click here to take the quiz!

General Stats

  • This quiz has been taken 21 times
    (3 since last reset)
  • The average score is 10 of 14

Answer Stats

QuestionAnswer% Correct
Which of the following presidents were assassinated?Abraham Lincoln
100%
Where were most of the battles in the U.S. Civil War fought?Confederate States
100%
True or False: The U.S. has the third largest GDP in the world, after China and Japan.False
100%
Which country gifted the U.S. the statue of liberty?France
100%
Which country does the U.S. have less population than?India
100%
Which of the following is the only state not from the original 13 colonies?New Mexico
100%
Which president had the shortest serving time, and how long was it?William H. Harrison, 31 days
100%
How many different versions of the U.S. flag have there been?27
67%
How many people died in the U.S. Civil War?600,000
67%
Which branch of government interprets the meaning of laws?Judicial
67%
How many miles of bookshelves are in the Library of Congress?838
33%
What is the smallest county in the U.S.?Kalawao County
33%
Which is considered the happiest state?Utah
33%
The largest temperature change in the U.S. in just 2 minutes was... (in Fahrenheit)49 degrees
0%

Score Distribution

Percentile by Number Answered

Percent of People with Each Score

Your Score History

You have not taken this quiz since the last reset